000 00748nam a2200205 i 4500
001 51926
003 ES-MaACL
005 20250902005047.0
007 t|
008 030821s1903 sp ||||1| spa d
100 1 _aDato, Eduardo,
_d1856-1921
_942789
245 1 3 _aEl descanso dominical
_b: conferencia pronunciada [en el Centro de Instrucción Comercial ]el 5 de Febrero de 1903 /
_cpor Eduardo Dato Iradier.
260 _aMadrid :
_b[s.n.],
_c1903 (
_fTipo-Lit. de F. Rodríguez Ojeda)
300 _a24 p. ;
_c21 cm.
594 _aPrecede al tít.: Centro de Instrucción Comercial.
650 4 _aDescanso dominical.
_9151809
710 2 _aCentro de Instrucción Comercial
_92698
852 _aES-MaACL
_jT-1016-F-4
999 _c51926
_d51926